Normal view MARC view
  • Miller, Arthur,

Entry Personal Name

Number of records used in: 2

001 - CONTROL NUMBER

  • control field: 153688

003 - CONTROL NUMBER IDENTIFIER

  • control field: DLC

005 - DATE AND TIME OF LATEST TRANSACTION

  • control field: 20260415160239.0

008 - FIXED-LENGTH DATA ELEMENTS

  • fixed length control field: 120517n| azannaabn |a aaa c

010 ## - LIBRARY OF CONGRESS CONTROL NUMBER

  • LC control number: no2012068816

024 7# - OTHER STANDARD IDENTIFIER

  • Standard number or code: 183426851
  • Source of number or code: viaf

024 7# - OTHER STANDARD IDENTIFIER

  • Standard number or code: http://viaf.org/viaf/183426851
  • Source of number or code: uri

024 7# - OTHER STANDARD IDENTIFIER

  • Standard number or code: http://catalogue.bnf.fr/ark:/12148/cb12388622h
  • Source of number or code: uri

024 7# - OTHER STANDARD IDENTIFIER

  • Standard number or code: http://www.idref.fr/032963548
  • Source of number or code: uri

024 7# - OTHER STANDARD IDENTIFIER

  • Standard number or code: http://d-nb.info/gnd/4191724-8
  • Source of number or code: uri

024 7# - OTHER STANDARD IDENTIFIER

  • Standard number or code: https://www.wikidata.org/wiki/Q820862
  • Source of number or code: uri

024 7# - OTHER STANDARD IDENTIFIER

  • Standard number or code: http://www.ibdb.com/Show/View/2999
  • Source of number or code: uri

024 7# - OTHER STANDARD IDENTIFIER

  • Standard number or code: https://www.freebase.com/m/014kjh
  • Source of number or code: uri

035 ## - SYSTEM CONTROL NUMBER

  • System control number: (OCoLC)oca09200700

040 ## - CATALOGING SOURCE

  • Original cataloging agency: MvI
  • Language of cataloging: eng
  • Description conventions: rda
  • Transcribing agency: MvI
  • Modifying agency: WaU

046 ## - SPECIAL CODED DATES

  • Beginning or single date created: 1949
  • Source of date scheme: edtf

100 1# - HEADING--PERSONAL NAME

  • Personal name: Miller, Arthur,
  • Dates associated with a name: 1915-2005.
  • Title of a work: Death of a salesman

370 ## - ASSOCIATED PLACE

  • Place of origin of work: United States
  • Source of term: naf

380 ## - FORM OF WORK

  • Form of work: Drama
  • Form of work: Domestic drama
  • Source of term: lcgft

400 1# - SEE FROM TRACING--PERSONAL NAME

  • Personal name: Miller, Arthur,
  • Dates associated with a name: 1915-2005.
  • Title of a work: Arthur Miller's Death of a salesman

530 #0 - SEE ALSO FROM TRACING--UNIFORM TITLE

  • Control subfield: r
  • Relationship information: Adapted as television program (work):
  • Uniform title: Death of a salesman (Television program : 1985)

670 ## - SOURCE DATA FOUND

  • Source citation: Arthur Miller's Death of a salesman, 1986.

670 ## - SOURCE DATA FOUND

  • Source citation: Wikipedia, January 16, 2016
  • Information found: (Death of a Salesman; 1949 play written by American playwright Arthur Miller; recipient of the 1949 Pulitzer Prize for Drama and Tony Award for Best Play)
Devinim Yazılım Eğitim Danışmanlık tarafından Koha'nın orjinal sürümü uyarlanarak geliştirilip kurulmuştur.